000 00490nam a2200133Ia 4500
008 231129s2012||||xx |||||||||||||| ||spa||
020 _a978-958-761-296-7
040 _bspa
082 _a 362.292 A838
245 0 _aAspectos toxicológicos psicológicos y sociales relacionados con el consumo de bebidas alcohólicas
260 _c2012
264 _aUniversidad Nacional de Colombia. Facultad de Medicina. Departamento de Toxicologí­a
942 _2ddc
_cBKS
999 _c5741
_d5741